LEADER 01204nam--2200397---450- 001 990000449730203316 005 20051028104841.0 035 $a0044973 035 $aUSA010044973 035 $a(ALEPH)000044973USA01 035 $a0044973 100 $a20010516d1969----km-y0itay0103----ba 101 $aeng 102 $aNL 105 $a||||||||001yy 200 1 $aHamartia$eTragic error in the Poetics of Aristothe and in Greek tragedy$fJ. M. Bremer 210 $aAmsterdam$cA.M. Hakkert$d1969 215 $aXX, 211 p.$d26 cm 410 $12001 606 0 $aTragedia$xConcezione aristotelica 676 $a809.916 700 1$aBREMER,$bJ. M.$0545115 801 0$aIT$bsalbc$gISBD 912 $a990000449730203316 951 $aV.1.B. 204 (VIII A 859)$b0107344$cVIII A 951 $aV.1.B. 204a (VIII C 274)$b36617 L.M.$cVIII C 959 $aBK 969 $aUMA 979 $aPATTY$b90$c20010516$lUSA01$h1438 979 $c20020403$lUSA01$h1653 979 $aPATRY$b90$c20040406$lUSA01$h1631 979 $aSIAVER$b90$c20040506$lUSA01$h1505 979 $aCOPAT3$b90$c20051019$lUSA01$h1213 979 $aCOPAT4$b90$c20051028$lUSA01$h1048 996 $aHamartia$9889850 997 $aUNISA